000 00692nam a2200229 a 4500
001 18441
003 BD-RjUL
005 20211209000302.0
008 880808r19701909nyu 000 1 eng
035 _a(BD-RjUL)18499
040 _aDLC
_cBD-RjUL
_dBD-RjUL
_beng
041 _aeng
082 _a823.9
_bSTT 1970
100 1 _aStein, Gertrude,
_d1874-1946.
_956829
245 1 0 _aThree lives /
_cby Gertrude Stein, introduction by Carl Van Vechten
260 _aNew York :
_bModern Library,
_c[1933] reprinted 1970
300 _a279 p. ;
_c17 cm
490 0 _aModern library of the world's best books
500 _a"First Modern Library edition 1933."
942 _2ddc
_cBK
999 _c18441
_d18441